000 00752nam a22002537a 4500
001 BR9402782
003 BR-BrBNA
005 20230928094024.0
007 ta
008 230509b bl.||||| |||| 00| 0 por d
040 _aBR-BrBNA
_bpor
_cBiblioteca Nacional de Agricultura
041 _a(Por)
072 _aN01; E13
090 _ N01 BR9402782
110 1 _aGrupo Executivo de Eletrificacao Rural de Cooperativas, Brasilia, DF (Brasil)
245 1 _aSolicitacao de financiamento. 3 PNER, v. 3, capitulo 4 - descricao do programa
260 3 _aBrasilia, DF (Brasil):
_c[nd].
300 _a314 p.
650 _aEletrificacao Rural
650 _aFinanciamento
650 _aCooperativa
909 _a202309
_bLucia
_c55
_dLucia Elande
942 _cBK
999 _c48468
_d48468